The Non-Domestic Rate (Scotland) Order 2009 (Record no. 109157)

MARC details
000 -LEADER
fixed length control field 01032cad a22002295a 4500
001 - CONTROL NUMBER
control field E146395
008 - FIXED-LENGTH DATA ELEMENTS--GENERAL INFORMATION
fixed length control field 090115s2009 xxk f s000 0 eng d
035 ## - SYSTEM CONTROL NUMBER
System control number (Sirsi) u146395
041 0# - LANGUAGE CODE
Language code of text/sound track or separate title eng
110 2# - MAIN ENTRY--CORPORATE NAME
Corporate name or jurisdiction name as entry element Scotland
Form subheading Laws, etc
245 04 - TITLE STATEMENT
Title The Non-Domestic Rate (Scotland) Order 2009
Medium [electronic resource]
260 ## - PUBLICATION, DISTRIBUTION, ETC.
Place of publication, distribution, etc. Edinburgh
Name of publisher, distributor, etc. Scottish Government
Date of publication, distribution, etc. 2009
490 #0 - SERIES STATEMENT
Series statement Scottish Statutory Instrument
Volume/sequential designation 2009: 3
520 ## - SUMMARY, ETC.
Summary, etc. Comes into force on 1 April 2009. Sets a rate of 48.1 pence in the pound as the non-domestic rate to be levied across Scotland for the 2009/2010 financial year (the rate was 45.8 pence in the pound in 2008/2009).
521 ## - TARGET AUDIENCE NOTE
Target audience note Advanced
590 ## - LOCAL NOTE (RLIN)
Local note KA
650 24 - SUBJECT ADDED ENTRY--TOPICAL TERM
Topical term or geographic name entry element NON-DOMESTIC RATE (SCOTLAND) ORDER 2009
651 #4 - SUBJECT ADDED ENTRY--GEOGRAPHIC NAME
Geographic name Scotland
Chronological subdivision 1999-
690 ## - LOCAL SUBJECT ADDED ENTRY--TOPICAL TERM (OCLC, RLIN)
Topical term or geographic name as entry element PROPERTY-COMMERCIAL PROPERTY-COMMERCIAL PROPERTY TAXATION-BUSINESS RATES
856 40 - ELECTRONIC LOCATION AND ACCESS
Uniform Resource Identifier <a href="https://www.opsi.gov.uk/legislation/scotland/ssi2009/ssi_20090003_en_1">https://www.opsi.gov.uk/legislation/scotland/ssi2009/ssi_20090003_en_1</a>
Public note View the statutory instrument free of charge at www.opsi.gov.uk...
942 ## - ADDED ENTRY ELEMENTS (KOHA)
Suppress in OPAC 0
Holdings
Withdrawn status Lost status Source of classification or shelving scheme Damaged status Not for loan Home library Current library Shelving location Date acquired Total Checkouts Full call number Barcode Date last seen Copy number Price effective from Koha item type
    Dewey Decimal Classification     Virtual Virtual Online 15/01/2009   ONLINE PUBLICATION 146395-2001 06/08/2019 1 06/08/2019 Book